000 00474nam a22001577a 4500
005 20251108164711.0
008 250721s1968 xx 000 0 ara d
082 1 4 _a811.2/عبا
100 1 _aالسلمي، العباس بن مرداس
245 1 0 _aديوان العباس بن مرادس السلمي /
264 1 _aبغداد :
_bدار الجمهورية،
_c1968.
300 _a210 ص
650 1 7 _aالشعر المخضرم
942 _2ddc
_cBK
999 _c12198
_d12198